00432nam a2200157 a 450000100060000000300090000600800410001504000280005608200180008410000310010224500210013326000470015430000100020165000410021165000220025211646CO-ViMGA141112s2004 ck r 000 u spa d aCO-ViMGAbspacCO-ViMGA04aCo861.6 V45p31 aVillamizar Melo, Jose Luis10aPatria elemental aCúcuta, cImprenta departamental, c1984 a37 p.14aNORTE DE SANTANDER COLOMBIA - POESIA14aPOESIA COLOMBIANA